000 00334nam a2200133Ia 4500
005 20260328104320.0
008 260328s9999||||xx |||||||||||||| ||und||
100 _aBlake, Peter
245 0 _aLe Corbusier; Architecture and form /
_cPeter Blake
260 _bA Pelican book
300 _a159 p.
650 _aARQUITECTOS
942 _cBK
999 _c11328
_d11328